Unit operations of chemical engineering (Record no. 3799)

000 -LEADER
fixed length control field 00652nam a2200241 a 4500
001 - CONTROL NUMBER
control field 3799
003 - CONTROL NUMBER IDENTIFIER
control field BD-DhUET
008 - FIXED-LENGTH DATA ELEMENTS--GENERAL INFORMATION
fixed length control field 850523s1985 nyua b 001 0 eng
020 ## - INTERNATIONAL STANDARD BOOK NUMBER
International Standard Book Number 0070448280
040 ## - CATALOGING SOURCE
Modifying agency BD-DhUET
Transcribing agency 0
082 0# - DEWEY DECIMAL CLASSIFICATION NUMBER
Classification number 660.2842
Item number MCC/1985
100 1# - MAIN ENTRY--PERSONAL NAME
Personal name McCabe, Warren L.
245 10 - TITLE STATEMENT
Title Unit operations of chemical engineering
250 ## - EDITION STATEMENT
Edition statement 4th ed.
260 ## - PUBLICATION, DISTRIBUTION, ETC. (IMPRINT)
Place of publication, distribution, etc. New York
Name of publisher, distributor, etc. McGraw-Hill
Date of publication, distribution, etc. 1985
300 ## - PHYSICAL DESCRIPTION
Extent x, 960 p.
Other physical details ill.
Dimensions 25 cm.
490 1# - SERIES STATEMENT
Series statement McGraw-Hill chemical engineering series
504 ## - BIBLIOGRAPHY, ETC. NOTE
Bibliography, etc Includes bibliographies
650 #0 - SUBJECT ADDED ENTRY--TOPICAL TERM
Topical term or geographic name as entry element Chemical Processer
700 1# - ADDED ENTRY--PERSONAL NAME
Personal name Smith, Julian C.
700 1# - ADDED ENTRY--PERSONAL NAME
Personal name Harriott, Peter.
942 ## - ADDED ENTRY ELEMENTS (KOHA)
Koha item type General Book
Holdings
Koha normalized classification for sorting Source of classification or shelving scheme Price effective from Copy number Koha issues (times borrowed) Withdrawn status Koha full call number Date acquired Koha date last borrowed Koha date last seen Location (home branch) Not for loan Lost status Sublocation or collection (holding branch) Shelving location Piece designation (barcode) Koha item type Damaged status
660_000000000000000_2842MCC198 2014-11-051  660.2842/MCC/19852014-11-05 2016-10-23Central Library, BUET  Central Library, BUETCirculation section72739General Book 
660_000000000000000_2842MCC198 2014-11-052  660.2842/MCC/19852014-11-05 2014-11-05Central Library, BUET  Central Library, BUETCirculation section77549General Book 
660_000000000000000_2842MCC198 2014-11-0532 660.2842/MCC/19852014-11-052018-11-142018-12-04Central Library, BUET  Central Library, BUETCirculation section77550General Book 
660_284200000000000_MCC_1985 2015-07-014  660.2842/MCC/19852015-07-01 2015-07-01Central Library, BUET  Central Library, BUETReading section68731Reading Item 
660_284200000000000_MCC_1985 2024-11-25৪/ক-১  660.2842 MCC/19851989-06-27 2024-11-25Central Library, BUET  Central Library, BUETRental section73910Rental Item 
660_284200000000000_MCC_1985 2024-11-25৪/ক-২  660.2842 MCC/19851989-06-27 2024-11-25Central Library, BUET  Central Library, BUETRental section73911Rental Item 
660_284200000000000_MCC_1985 2024-11-25৪/ক-৩  660.2842 MCC/19851989-06-27 2024-11-25Central Library, BUET  Central Library, BUETRental section73912Rental Item 
660_284200000000000_MCC_1985 2024-11-25৪/ক-৪  660.2842 MCC/19851989-06-27 2024-11-25Central Library, BUET  Central Library, BUETRental section73913Rental Item 
660_284200000000000_MCC_1985 2024-11-25৪/ক-৫  660.2842 MCC/19851989-06-27 2024-11-25Central Library, BUET  Central Library, BUETRental section73914Rental Item 
660_284200000000000_MCC_1985 2024-11-25৪/ক-৬  660.2842 MCC/19851989-06-27 2024-11-25Central Library, BUET  Central Library, BUETRental section73915Rental Item 
660_284200000000000_MCC_1985 2024-11-25৪/ক-৭  660.2842 MCC/19851989-06-27 2024-11-25Central Library, BUET  Central Library, BUETRental section73916Rental Item 
660_284200000000000_MCC_1985 2024-11-25৪/ক-৮  660.2842 MCC/19851989-06-27 2024-11-25Central Library, BUET  Central Library, BUETRental section73917Rental Item 
660_284200000000000_MCC_1985 2024-11-25৪/ক-৯  660.2842 MCC/19851989-06-27 2024-11-25Central Library, BUET  Central Library, BUETRental section73918Rental Item 
660_284200000000000_MCC_1985 2024-11-25৪/ক-১০  660.2842 MCC/19851989-06-27 2024-11-25Central Library, BUET  Central Library, BUETRental section73919Rental Item 
660_284200000000000_MCC_1985 2024-11-25৪/ক-২৫  660.2842 MCC/19851989-06-27 2024-11-25Central Library, BUET  Central Library, BUETRental section73934Rental Item 
660_284200000000000_MCC_1985 2024-11-25৪/ক-২৬  660.2842 MCC/19851989-06-27 2024-11-25Central Library, BUET  Central Library, BUETRental section73935Rental Item